000 00283nam a22001337a 4500
008 170207b xxu||||| |||| 00| 0 eng d
020 _a9780763706357
041 _aeng
080 _a61
100 _a3
101 _aSHM
245 _aEPIDEMIOLOGY
_cTHOMAS TIMMRECK
942 _2udc
_cBK
999 _c4786
_d4786